Guess the random letter - Statistics

General Stats
  • This quiz has been taken 15 times
  • The average score is 13 of 26
Answer Stats
Hint Answer % Correct
? N
69%
? S
62%
? C
54%
? F
54%
? G
54%
? I
54%
? K
54%
? Q
54%
? V
54%
? Z
54%
? B
46%
? D
46%
? E
46%
? J
46%
? L
46%
? O
46%
? R
46%
? T
46%
? U
46%
? W
46%
? Y
46%
? A
38%
? H
38%
? M
38%
? X
38%
? P
31%
No matching quizzes found
Score Distribution
Percent of People with Each Score
Percentile by Number Answered
Your Score History
You have not taken this quiz